[Event "EU-ch 13th"]
[Site "Plovdiv"]
[Date "2012.03.25"]
[Round "6"]
[White "Lupulescu, Constantin"]
[Black "Bologan, Viktor"]
[Result "0-1"]
[WhiteElo "2616"]
[BlackElo "2687"]
[Annotator "Bologan,V"]
[PlyCount "102"]
[EventDate "2012.03.20"]
[EventType "swiss"]
[EventRounds "11"]
[EventCountry "BUL"]
[SourceTitle "CBM 148"]
[Source "ChessBase"]
[SourceDate "2012.05.16"]
[SourceVersion "1"]
[SourceVersionDate "2012.05.16"]
[SourceQuality "1"]

1. d4 d5 2. c4 c6 3. Nf3 Nf6 4. e3 Bf5 5. Nc3 a6 6. Qb3 {The most aggressive
setup. White is attacking the queenside intending to exploit the absence of
the black light-squared bishop. Der aggressivste Aufbau. Weiß greift den
Damenflügel in der Absicht, die Abwesenheit des weißfeldrigen Läufers von
Schwarz auszunutzen.} (6. Bd3 {is a much more positional move, after which
Black shouldn't have any problems if he plays accurately: ist ein viel
positionellerer Zug, nach dem Schwarz keinerlei Probleme haben sollte, wenn er
genau spielt:} Bxd3 7. Qxd3 e6 8. O-O Bb4 (8... Be7 9. e4 O-O 10. Bf4 (10. e5
dxc4 11. Qxc4 Nd5 $11) 10... Nbd7 11. Rad1 Rc8 (11... Nxe4 $5 12. Nxe4 dxe4 13.
Qxe4 Qa5 14. Qc2 Rfe8 15. a3 Qf5 $1 $11) 12. exd5 exd5 13. c5 Nh5 14. Bd2 Qc7
15. Rfe1 Rfe8 16. g3 $14 {Jakovenko,D-Kobalia,M/EU-ch 2012}) 9. Bd2 O-O 10.
Rfd1 Ba5 11. Rab1 Nbd7 12. b4 Bc7 13. a4 Nb6 14. c5 Nc4 15. e4 dxe4 16. Nxe4
Nxe4 17. Qxc4 Qd7 $11 {Dreev,A-Vallejo Pons,F/TCh-ESP CECLUB Div Honor 2011}) (
6. Be2 h6 7. Qb3 (7. cxd5 cxd5 8. Ne5 e6 9. Bh5 Nxh5 10. Qxh5 Qf6 11. Na4 Nc6
12. Nxc6 bxc6 $15 {Bocharov,D-Yilmaz,M/11th Aeroflot Open A 2012}) 7... Ra7 8.
cxd5 cxd5 9. Bd2 e6 10. Ne5 Be7 11. Rc1 (11. O-O O-O 12. Rfc1 Nbd7 13. Nxd7
Nxd7 14. Na4 {Khairullin,I-Yilmaz,M/11th Aeroflot Open A 2012} b5 15. Nc5 Nxc5
16. dxc5 Qc7 17. Bd3 Bxd3 18. Qxd3 Rc8 19. b4 Bf6 20. Rab1 Qc6 $11) 11... O-O
12. O-O Nfd7 13. Nxd7 Nxd7 14. a4 Nb8 $1 $11 {Aronian,L-Carlsen,M/3rd London
Chess Classic 2011}) 6... b5 ({The other option is Die andere Option ist} 6...
Ra7 {but I prefer the text. , aber ich bevorzuge den Text.}) 7. c5 a5 $1 {
Of course, this is not a novelty, but I discovered the full strength of this
move only in the morning of my game with David Alberto, when I found the later
plan with ...g6. Natürlich ist dies keine Neuerung, aber die volle Stärke
dieses Zuges entdeckte ich erst am Morgen meiner Partie mit David Alberto, als
ich den späteren Plan mit ...g6 fand.} (7... Nbd7 {was much more often played,
but I was not satisfied with the position I got against Bacrot: wurde
wesentlich häufiger gespielt, aber ich war nicht zufrieden mti der Stellung,
die ich gegen Bacrot bekam:} 8. a4 e5 9. Na2 (9. Qa3 Rc8 10. Na2 (10. b4 e4 11.
Nd2 Be7 12. Be2 O-O) 10... Be7 11. axb5 axb5 12. Nb4 O-O 13. Be2 Ne4 14. O-O
Bf6 $11) (9. axb5 axb5 10. Rxa8 Qxa8 11. Qa2 Qxa2 12. Nxa2 e4) 9... Be7 (9...
e4 $1 10. Nd2 Qc8 $13) (9... exd4 10. exd4 Ne4 $2 11. Nb4 Rc8 12. axb5 axb5 13.
Nxc6 Rxc6 14. Bxb5 $18 {Mikhalevski,V-Jirka,J/Israel-chT 2009}) 10. Nb4 Qc8 11.
axb5 axb5 12. Rxa8 Qxa8 13. Qa3 $1 $16 {Bacrot,E-Bologan,V/Porto Carras 2011})
8. Ne5 a4 $1 {It is very important to get rid of this queen from this side.
Now the potential sacrifices on c6 or on b5 are not dangerous anymore. Es ist
sehr wichtig, die Dame von diesem Flügel zu vertreiben. Nun sind die
potentiellen Opfer auf c6 oder auf b5 nicht mehr gefährlich.} 9. Qd1 g6 $1 {
First played in the mentioned game with David Alberto early this year. The
point is that Black is not cutting off his light-squared bishop from the
queenside by playing ...e6 and develops the other bishop to g7, where it can
be very helpful with ...e5. Zuerst in der erwähnten Partie mit David Alberto
anfangs diesen Jahres gespielt. Die Pointe ist, dass Schwarz nicht mit ...e6
seinen weißfeldrigen Läufer vom Damenflügel abschneidet und den anderen Läufer
nach g7 entwickelt, wo er bei ...e5 sehr hilfreich sein kann.} (9... Ne4 {
was played before with good results for White: wurde zuvor gespielt, mit guten
Ergebnissen für Weiß:} 10. g4 Bc8 11. Bg2 Nxc3 12. bxc3 e6 (12... f6 13. Nd3 g6
14. h4 Bg7 15. h5 f5 16. Qe2 O-O 17. hxg6 hxg6 18. Nf4 $16 {Khismatullin,
D-Popov,I/Voronezh op 2009}) 13. e4 Be7 14. O-O O-O 15. f4 Qc7 16. Nd3 Nd7 17.
g5 f5 18. exd5 exd5 19. Re1 $14 {Svidler,P-Prie,E/FRA-chT 2009}) 10. g4 (10.
Nxc6 {must be checked: ist zu prüfen:} Nxc6 11. Bxb5 Bd7 $1 12. Bxa4 Bg7 13.
O-O O-O 14. Bxc6 Bxc6 15. b4 Ne4 {and Black easily holds the march of the
white pawns. und Schwarz hält den Vormarsch der weißen Bauern mühelos auf.})
10... Be6 11. Bg2 Bg7 12. f4 Qc8 13. h3 h5 14. g5 Nfd7 $1 $146 {This type of
tournament like the European individual requires one to play for a win with
both colours, so I decided to deviate from my game with David for some more
complicated stuff. Dieser Turniertypus wie die Europa-Einzelmeisterschaft
verlangt, dass man mit beiden Farben auf Gewinn spielt, daher beschloss ich,
von meiner Partie mit David abzuweichen, um ein komplizierteres Spiel
anzustreben.} (14... Ne4 15. Nxe4 dxe4 16. Qc2 ({On Auf} 16. Bxe4 {I was going
to give up the bishop - wollte ich den Läufer aufgeben -} Bxe5 17. fxe5 Bxh3
$11) 16... Bxe5 17. fxe5 Bf5 18. h4 Qe6 19. Bxe4 Bxe4 20. Qxe4 {David,
A-Bologan,V/Gibraltar 2012, and here I could go immediately for David,
A-Bologan,V/Gibraltar 2012, und hier konnte ich unmittelbar} Qd5 21. Qxd5 cxd5
22. Bd2 Nc6 $11 {with a clear draw, which I did 20 moves later in the game.
spielen, mit einem klarem Remis, was ich 20 Züge später in der Partie auch tat.
}) 15. Nf3 Na6 16. a3 $1 {Prophylaxis against ...a3 with the idea ...Nxc5.
Prophylaxe gegen ...a3 mit der Idee ...Nxc5.} O-O 17. Ne2 Re8 $3 {I think
exactly this subtle move brought me the very important point with Black. First
of all it's multifunctional and at the same time is a good waiting move. Ich
glaube, genau dieser subtile Zug brachte mir den so wichtigen Punkt mit
Schwarz. Zunächst einmal ist er multifunktional, und gleichzeitig auch ein
guter Wartezug.} 18. O-O ({On Auf} 18. Ng3 {the sacrifice on c5 would be also
very strong: wäre das Opfer auf c5 ebenfalls sehr stark:} Ndxc5 $1 19. dxc5
Nxc5 20. Qe2 Nb3 21. Rb1 Bf5 22. e4 dxe4 23. Nxe4 Qc7 24. O-O Nxc1 25. Rbxc1
Qxf4 26. Nc5 Rad8 $15) ({On Auf} 18. Bd2 {I had prepared hatte ich} Bf5 {
exploiting the fact that White can not control both the e4- and d3-squares.
vorbereitet, was die Tatsache nutzt, dass Weiß nicht die Felder e4 und d3
kontrollieren.} 19. Ng3 Bd3 $11) 18... Ndxc5 $1 {You can not even call it a
sacrifice because Black is getting back the material in pawns. Kann man nicht
einmal ein Opfer nennen, denn Schwarz bekommt das Material in Bauern zurück.}
19. dxc5 Bxh3 20. Bxh3 Qxh3 21. Qc2 ({On Auf} 21. Ned4 {I intended to take the
pawn by wollte ich den Bauern nehmen mit} Nxc5 22. Nxc6 Nb3 23. Rb1 Rac8 24.
Nce5 Bxe5 25. Nxe5 (25. fxe5 Rc4) 25... Qg3+ 26. Kh1 Rc5 27. Nd3 Rc7 28. Bd2
Rec8 29. Nb4 Rc4 30. Rf3 Qh4+ 31. Kg2 Qg4+ 32. Rg3 Qe6 33. Bc3 d4 {with a
strong attack. mit starkem Angriff.}) 21... e5 $1 {Without this move the
attack would definitely stick. Ohne diesen Zug würde der Angriff definitiv
stocken.} 22. fxe5 Bxe5 23. Bd2 Bg3 $5 {A move which the computer doesn't give
in the first three lines - my idea was to prevent Rf2. Ein Zug, den der
Computer in den ersten drei Abspielen nicht angibt - meine Idee war, Rf2 zu
verhindern.} 24. Be1 (24. Nxg3 Qxg3+ 25. Kh1 Re4 26. Nh2 Qxg5 27. Bc3 Nxc5 28.
Bd4 Nb3 29. Qxc6 Rae8 30. Rg1 Qf5 31. Raf1 Nxd4 32. exd4 Qe6 33. Qxe6 R8xe6 34.
Nf3 {with slightly better chances for Black. mit leicht besseren Chancen für
Schwarz.}) 24... Bc7 $1 {Now both ...Rxe3 and ...Re4 are threatening. Nun
droht sowohl ...Rxe3 als auch ...Re4.} 25. Nf4 Qg4+ 26. Qg2 Qd7 $5 {Keeping up
the pressure. I didn't want to lose the attack by exchanging queens. Hält den
Druck aufrecht. Ich wollte nicht durch den Damentausch den Angriff aus der
Hand geben.} (26... Rxe3 27. Qxg4 hxg4 28. Nh2 Re4 29. Bg3 Bd8 30. Bh4 $13) 27.
Nd3 $6 {My opponent started to get nervous especially since he was already
much down on time. Mein Gegner fing an, nervös zu werden, vor allem auch, weil
er zeitlich bereits weit hinten lag.} (27. Nh4 $1 {was better, with the idea
of sacrificing on h5 followed by Nf5 and Nh6. war besser, mit der Idee, auf h5
zu ofern, gefolgt von Nf5 und Nh6.} Bxf4 $5 {in order to prevent Nxh5. Um Nxh5
zu verhindern.} 28. exf4 Nxc5 $13) 27... Rxe3 28. Rd1 Rae8 29. Bg3 Bxg3 30.
Qxg3 Qf5 {Strangely enough White's reply completely escaped my calculation.
Seltsamerweise entging die Antwort von Weiß komplett meiner Berechnung.} ({
If I had seen Qf4, I would have gone for the initially planned Wenn ich Qf4
gesehen hätte, hätte ich mich entschieden für das ursprünglich geplante} 30...
R8e4 31. Nf2 Qe7 32. Nxe4 dxe4 33. Qe5 exf3 34. Rd8+ Qxd8 35. Qxe3 Qd5 36. Qxf3
Qxg5+ 37. Kh1 Qe7 38. Qxc6 Nxc5 39. Qxb5 Ne4 $17) 31. Qf4 $1 Qxf4 32. Nxf4 Nxc5
33. Rc1 Ne6 34. Ng2 $2 ({I think this was the last moment when Lupulescu could
oppose some resistance with Ich denke, dies war der letzte Moment, wo
Lupulescu noch einigen Widerstand aufbringen konnte mit} 34. Nxe6 R8xe6 35. Nd4
R6e5 36. Kf2 R3e4 37. Nf3 Re2+ 38. Kg1 R5e4 $15) 34... Rb3 35. Rxc6 Rxb2 36.
Rd6 Ra2 37. Ne3 (37. Rxd5 Rxg2+ 38. Kxg2 Nf4+ $19) 37... Rxa3 38. Nxd5 Kg7 39.
Nf6 Re7 40. Kf2 Rc3 41. Rb6 Rc5 42. Ne4 Rf5 $19 {It's clear that White won't
be able to coordinate his pieces without losing the pawn on g5. Es ist klar,
dass Weiß nicht imstande sein wird, seine Figuren zu koordinieren, ohne den
Bauern auf g5 zu verlieren.} 43. Nd6 Rf4 44. Re1 b4 45. Kg3 a3 46. Ra6 b3 47.
Nd2 (47. Rxa3 Rxf3+ 48. Kxf3 Nd4+ 49. Kf2 Rxe1 50. Kxe1 Nc2+ $19) 47... Rd4 48.
Nf3 Rd3 49. Nc4 a2 50. Kf2 Rxf3+ 51. Kxf3 Nd4+ 0-1

[Event "EU-chT (Men) 10th"]
[Site "Debrecen"]
[Date "1992.11.??"]
[Round "1.2"]
[White "Lputian, Smbat G"]
[Black "Skembris, Spyridon"]
[Result "1/2-1/2"]
[WhiteElo "2560"]
[BlackElo "2530"]
[Annotator "Bulletin"]
[PlyCount "65"]
[EventDate "1992.11.20"]
[EventType "team-swiss"]
[EventRounds "9"]
[EventCountry "HUN"]
[SourceTitle "EU-chT"]
[Source "ChessBase"]
[SourceDate "1999.07.01"]
[SourceVersion "2"]
[SourceVersionDate "1999.07.01"]
[SourceQuality "1"]
[WhiteTeam "Armenia"]
[BlackTeam "Greece"]
[WhiteTeamCountry "ARM"]
[BlackTeamCountry "GRE"]

1. d4 Nf6 2. c4 c6 3. Nc3 d5 4. e3 a6 5. Nf3 b5 6. cxd5 cxd5 7. Bd3 e6 8. O-O
Bd6 $5 (8... Bb7) 9. Qe2 (9. e4 $5) 9... Bb7 10. Bd2 (10. e4 dxe4 11. Nxe4 Nd5
$5 (11... Nxe4 12. Bxe4 $40)) 10... O-O {/\ Nbd7 ><e5} 11. Ne5 Ne4 $5 (11...
Nbd7 12. f4 $5 $14) 12. f4 (12. Bxe4 $6 dxe4 $15 {^^ פe5}) (12. f3 Nxd2 13.
Qxd2 Bxe5 $5 14. dxe5 $132) 12... f6 $5 $13 13. Ng4 {/\ f5} (13. Nf3 Nd7 $15)
13... f5 $6 {><e5} (13... Nd7 $5 14. f5 Nxd2 15. Qxd2 Qe8 $1 $13) 14. Ne5 Nxd2
15. Qxd2 Nd7 16. a4 $1 {><b5} b4 17. Na2 a5 18. Nc1 $1 {/\ Nb3+/- ><a5, c5}
Nxe5 $5 (18... Nb6 19. Nb3 $16) 19. fxe5 $1 (19. dxe5 Bc5 20. Nb3 Qb6 $13)
19... Be7 (19... Bc7 20. Nb3 $16) 20. Bb5 $1 $14 {/\ Nb3} (20. Nb3 Qb6 {
/\ Rac8<=>}) 20... Ba6 $1 (20... Qb6 21. Nd3 $16 {><c5, f4, e6}) 21. Bxa6 (21.
Qe2 $5 $14) 21... Rxa6 22. Nb3 Rc6 $13 {><c4} 23. Rfc1 Rc4 24. Qe2 $5 (24. Qd3
Qc7 $132 {/\} 25. Nc5 $2 Bxc5 26. Rxc4 dxc4 27. Qxc4 Bb6 $19) (24. Rc2 Qb6 25.
Rac1 Rfc8 $132) 24... Qc7 $8 (24... Rxc1+ $2 25. Rxc1 $16 {><a6}) 25. Rxc4 (25.
g3 Rc8 $15) 25... dxc4 $8 (25... Qxc4 $6 26. Qxc4 dxc4 27. Nxa5 Rc8 28. Rc1 c3
29. b3 $1 $16 {><c4}) 26. Rc1 c3 $1 (26... Rc8 $2 27. Nc5 $1 $16) 27. bxc3 (27.
Qa6 Bg5 $1 $132) (27. Qd3 Qd7 $5 $13) 27... bxc3 {/\ Bb4} 28. Qa6 {><a5, e6} (
28. Qd3 Bb4 $13) (28. Nc5 Bxc5 29. Rxc3 Qd7 $1 30. Rxc5 (30. dxc5 Qxa4 $13 {
/\ Qa1}) 30... Qxa4 $13) 28... f4 $3 (28... Bg5 $4 29. Qd3 $18 {/\ Nc5 ><c3, e6
}) 29. exf4 $8 (29. Nc5 $2 Bxc5 30. Rxc3 Qb6 $19) (29. Qxe6+ $2 Kh8 30. exf4 (
30. Nc5 $4 Bxc5 31. Rxc3 Qb6 $19) 30... c2 $1 {/\ Ba3} 31. Na1 (31. d5 Bc5+ 32.
Nxc5 Qxc5+ 33. Kh1 Qe3 $19) 31... Qc3 $1 {(/\ Qe3)} 32. Nxc2 Ba3 $19) (29. Qxa5
$6 Qxa5 30. Nxa5 fxe3 $17) 29... c2 $1 $15 30. Qd3 $1 $8 (30. Qxe6+ Kh8 $19) (
30. Qxa5 Qxa5 31. Nxa5 Rc8 {/\ Ba3-/+}) (30. Na1 Qc3 $17) 30... Rc8 {/\ Ba3}
31. Na1 $8 Qc4 $5 32. Qxc4 $8 (32. Qxc2 $4 Qxd4+ $19) 32... Rxc4 33. Rxc2 (33.
Nxc2 $2 Ba3 34. Ra1 Bb2 35. Ne3 Bxd4 $17) (33. Rxc2 Rxd4 34. Nb3 Rxa4 35. Rc7
$1 $10 {/\Nc5 Lputian}) 1/2-1/2

[Event "BCF-ch 82nd"]
[Site "Swansea"]
[Date "1995.??.??"]
[Round "10"]
[White "Ward, Christopher"]
[Black "Levitt, Jonathan"]
[Result "1/2-1/2"]
[WhiteElo "2500"]
[BlackElo "2420"]
[Annotator "Bulletin"]
[PlyCount "79"]
[EventDate "1995.08.??"]
[EventType "swiss"]
[EventRounds "11"]
[EventCountry "WLS"]
[SourceTitle "EXT 1997"]
[Source "ChessBase"]
[SourceDate "1996.11.15"]
[SourceVersion "1"]
[SourceVersionDate "1996.11.15"]
[SourceQuality "1"]

1. d4 d5 2. c4 c6 3. Nc3 Nf6 4. Nf3 a6 5. Bg5 dxc4 6. a4 h6 7. Bh4 Nd5 8. e4
Nxc3 9. bxc3 b5 10. Ne5 Qc7 11. Bg3 Qb7 {Levitt plays for a win with this
provocative queen maneouvre, hoping Ward will overpress.} 12. Rb1 Qa7 13. Qf3
e6 14. Be2 g6 {If allowed Black will play ...Bg7 and castles, however...} 15.
Qf6 Rh7 16. Qf3 Bb7 17. O-O {[#]} Nd7 18. Nxd7 Kxd7 19. Qf4 {Wwhite must time
his d5-break. The immediate threat is 20 Qc7+.} Ke8 20. axb5 axb5 21. Ra1 $1
Qb6 (21... Qxa1 22. Rxa1 Rxa1+ 23. Bf1 Ba8 24. Qb8+ Ke7 25. Bd6+) 22. Rxa8+
Bxa8 23. Ra1 Qb7 {Amazingly Black will survive this position. f5, bringing the
rook in, is an important resource.} 24. d5 (24. Bf3 $5) 24... cxd5 25. exd5 Be7
26. Qe3 (26. Bf3 exd5 27. Qe3) 26... Bg5 27. f4 (27. Bf4 Qxd5 (27... Bxf4 28.
Qxf4 exd5 (28... Qxd5 29. Bf3) (28... Qc8 29. d6 Bd5 (29... f5 30. Qe5 Bd5 31.
Qf6 {with a continuing attack.}) 30. Ra7) 29. Qe3+ Kf8 30. Ra7 Qc8 31. Qe7+ Kg8
32. Rd7) 28. Bf3) 27... Be7 28. Bf3 Qc8 29. d6 Bxf3 30. Qxf3 (30. dxe7 Bd5 31.
Bh4) 30... Qc5+ 31. Bf2 Qxd6 32. Ra8+ Bd8 33. Ra7 Qd5 {The worst is over for
Black and now Ward simplifies to a draw.} 34. Qxd5 exd5 35. Rb7 h5 36. Rxb5 f5
37. Rxd5 Rd7 38. Re5+ Kf7 39. g3 Bf6 40. Rc5 1/2-1/2

[Event "Reunion IBM op"]
[Site "Reunion"]
[Date "1997.??.??"]
[Round "7"]
[White "Legky, Nikolay A"]
[Black "Prie, Eric"]
[Result "1/2-1/2"]
[WhiteElo "2530"]
[BlackElo "2470"]
[Annotator "Bulletin"]
[PlyCount "38"]
[EventDate "1997.??.??"]
[EventType "swiss"]
[EventRounds "9"]
[EventCountry "FRA"]
[SourceTitle "EXT 1998"]
[Source "ChessBase"]
[SourceDate "1997.11.17"]
[SourceVersion "1"]
[SourceVersionDate "1997.11.17"]
[SourceQuality "1"]

1. d4 d5 2. c4 c6 3. Nf3 Nf6 4. Nc3 a6 5. h3 e6 6. cxd5 (6. e3 b5) (6. Bg5 dxc4
) 6... exd5 7. Qc2 Bd6 8. Bg5 Nbd7 9. e3 h6 10. Bf4 $6 (10. Bxf6 Nxf6 11. Bd3
$11) 10... Bxf4 11. exf4 O-O 12. O-O-O Re8 13. Bd3 c5 14. Rhe1 (14. dxc5 $142
Nxc5 $11 (14... Qc7 15. Kb1 $1 (15. Nxd5 $2 Nxd5 16. Bh7+ Kh8 17. Rxd5 Nf6 $19)
)) 14... Rxe1 15. Rxe1 b5 $1 (15... c4 {Legky,N} 16. Bf5 b5 17. g4 $132) 16.
dxc5 Nxc5 17. Nd4 $2 {[#]} Bd7 (17... Qc7 $3 18. Kb1 (18. Re5 b4 19. Nxd5 Nxd3+
$19) 18... Qxf4 19. Nxd5 $2 (19. Rd1 $17) 19... Qxd4 20. Bh7+ Kf8 (20... Nxh7
$4 21. Re8+ Nf8 22. Ne7+ Kh8 23. Rxf8#) 21. Rd1 Qc4 22. Nb6 Qxc2+ $1 23. Bxc2
Rb8 24. Rd8+ Ke7 25. Rxc8 Rxc8 26. Nxc8+ Kd7 27. Bf5+ Ne6 28. Na7 Kc7 $19) 18.
Kb1 Rc8 19. Qd2 b4 (19... b4 20. Nce2 Qb6 $15 (20... Nfe4 21. Bxe4 dxe4 22. Rd1
(22. Qxb4 Nd3) 22... Nd3 23. Qe3 $1 {/\f3})) 1/2-1/2

[Event "Morelia/Linares 23rd"]
[Site "Morelia/Linares"]
[Date "2006.03.07"]
[Round "11"]
[White "Bacrot, Etienne"]
[Black "Svidler, Peter"]
[Result "1/2-1/2"]
[WhiteElo "2717"]
[BlackElo "2765"]
[Annotator "CB"]
[PlyCount "84"]
[EventDate "2006.02.18"]
[EventType "tourn"]
[EventRounds "14"]
[EventCountry "ESP"]
[EventCategory "20"]
[SourceTitle "CBM 112"]
[Source "ChessBase"]
[SourceDate "2006.06.07"]
[SourceVersion "1"]
[SourceVersionDate "2006.06.07"]
[SourceQuality "1"]

1. d4 d5 2. c4 c6 3. Nf3 Nf6 4. e3 a6 {The 4...a6-Slav seems to be a common
refuge for players whose expectations in the Grünfeld were betrayed by the
results, or who simply got fed with it. Kasparov's change of repertoire during
his last years of active play is the most notable example and now we see
Svidler do the same, at least for this game. The wounds received in the
Grünfeld need some time to heal...} 5. Nc3 {After his loss against Topalov,
Bacrot seems to have come to the conclusion that this is the best square for
the knight after all.} Bf5 $5 ({For years, the main line was supposed to be} 
5... b5 6. b3 Bg4 {but recently Black has been under some pressure after 6.c5 
(instead of 6.b3).}) 6. Bd3 ({In the absence of the moves ...a6 and Nf3, the
early development of the bishop to f5 is strongly met by the exchange on d5
followed by Qb3. The flexibility of the system based on .4..a6 is revealed by
the fact that} 6. cxd5 cxd5 7. Qb3 {can be adequately met now by} Ra7 {. The
continuation chosen by Bacrot aims to open play in the centre as soon as
possible, taking advantage of the fact that the advance of the a-pawn will be
more or less useless in case of such a course of events.}) 6... Bxd3 7. Qxd3 e6
8. O-O Be7 9. e4 O-O 10. Be3 dxe4 11. Nxe4 Nxe4 12. Qxe4 Nd7 13. Rad1 {#White
has obtained a stable advantage of space. It will be quite difficult for Black
to break the centre, but on the other hand the fact that he has managed to
exchange two pairs of minor pieces makes his position entirely viable.} Qa5 14.
a3 Rad8 15. Rfe1 Rfe8 16. h3 Nf8 17. Qc2 Ng6 18. Bd2 Qh5 {This might look like
a double edged decision. The queen certainly puts some pressure on the white
king side, but it could get into some danger, too. However, the ulteriour
course of the game proves that Svidler's evaluation of the situation was
correct.} 19. Bc3 Rd7 20. Qe4 Red8 21. Rd3 Bf6 {#After having activated his
position to the maximum, Black threatens to open the position with ...c5
already. This invites White to concrete action.} 22. g4 Qh6 23. Bd2 Qxh3 {
Black's strong concentration of forces ensures the relative invulnerability of
the queen. White has no simple way of getting an advantage.} 24. Ng5 ({After} 
24. g5 $6 Bxd4 25. Nxd4 Qh5 {followed by ...c5, Black recuperates the
sacrificed material with a splendid position.}) ({Even worse would be} 24. Ne5
$2 {because of} Qxd3 {followed by ...Rxd4, with more than sufficient
compensation for the queen.}) ({White's most consistent way to maintain the
tension consists of} 24. Ree3 {, obtaining the complete coordination of forces
and renweing the threats against the enemy queen.}) 24... Qxd3 $5 ({Remarkably,
Svidler avoids the repetition of moves, which would have been inevitable after
} 24... Qh4 {. In case of} 25. Rh3 $2 {Black would have a choice between} Qxh3
{followed by Rxd4 and the immediate 25...Rxd4 with advantage in both cases. I
do not know whether his decision was dictated by his fear that after repeating
the moves once, White would switch to Ree3 or simply wanted to play on a
reatively unbalanced position.}) 25. Qxd3 Rxd4 26. Qh3 Rxd2 27. Qxh7+ Kf8 28.
Nxe6+ fxe6 29. Qxg6 Bd4 {#Black's activity ensures him reasonable compensation
for the queen, but he can hardly claim an advantage.} 30. Rf1 Ke7 31. Qg5+ Bf6
32. Qc5+ Kf7 33. g5 Bxb2 34. Rb1 R8d3 35. Qb6 Bd4 36. Qxb7+ Kg6 37. Rf1 Rg3+
38. Kh2 Rxg5 39. Qxc6 Kf6 40. Kh3 Rh5+ 41. Kg4 Rg5+ 42. Kh3 Rh5+ 1/2-1/2